|
|
|
|
| LEADER |
00000nam0a2200000 4500 |
| 001 |
6415 |
| 005 |
20231030180126.0 |
| 035 |
|
|
|a (RuTPU)RU\TPU\book\6448
|
| 035 |
|
|
|a BOOK00006504
|
| 090 |
|
|
|a 6415
|
| 100 |
|
|
|a 20011209d1996 km y0rusy50 ca
|
| 101 |
0 |
|
|a rus
|
| 102 |
|
|
|a RU
|a lv
|
| 105 |
|
|
|a y z 000zy
|
| 200 |
1 |
|
|a Психология саморазвития. Психотехника риска и правила безопасности
|f Б. М. Мастеров
|
| 210 |
|
|
|a Москва
|c Эксперимент
|a Рига
|d 1996
|
| 215 |
|
|
|a 190 с.
|
| 610 |
1 |
|
|a психология
|
| 610 |
1 |
|
|a социальная психология
|
| 610 |
1 |
|
|a саморазвитие
|
| 610 |
1 |
|
|a самовоспитание
|
| 610 |
1 |
|
|a личность
|
| 610 |
1 |
|
|a подростки
|
| 686 |
|
|
|a Ю952
|v LBC/SL-A
|2 rubbk
|
| 700 |
|
1 |
|a Мастеров
|b Б. М.
|
| 801 |
|
0 |
|a RU
|b 63413507
|c 20011209
|g PSBO
|
| 801 |
|
2 |
|a RU
|b 63413507
|c 20170427
|g PSBO
|
| 900 |
|
|
|a Психология
|
| 942 |
|
|
|c BK
|